Lý luận văn học
Sparad:
| Huvudupphovsman: | |
|---|---|
| Materialtyp: | Bok |
| Språk: | Undetermined |
| Publicerad: |
Hà Nội
Đại học Sư phạm
2002
|
| Ämnen: | |
| Taggar: |
Lägg till en tagg
Inga taggar, Lägg till första taggen!
|
| Thư viện lưu trữ: | Trung tâm Học liệu Trường Đại học Cần Thơ |
|---|
| LEADER | 00626nam a2200229Ia 4500 | ||
|---|---|---|---|
| 001 | CTU_60381 | ||
| 008 | 210402s9999 xx 000 0 und d | ||
| 020 | |c 32000 | ||
| 082 | |a 809 | ||
| 082 | |b Ph561/T.1 | ||
| 100 | |a Phương Lựu | ||
| 245 | 0 | |a Lý luận văn học | |
| 245 | 0 | |c Phương Lựu | |
| 260 | |a Hà Nội | ||
| 260 | |b Đại học Sư phạm | ||
| 260 | |c 2002 | ||
| 526 | |a Nguyên lý lý luận văn học | ||
| 526 | |b SP513 | ||
| 650 | |a Literature | ||
| 650 | |x History and criticism | ||
| 904 | |i Minh, Năm | ||
| 980 | |a Trung tâm Học liệu Trường Đại học Cần Thơ | ||